00658nam a2200169 a 450000100100000000500170001000800410002704000250006810000430009324501260013625000110026226000400027330000210031350400320033495201050036699900170047100003898620201002031440.0130510s19uu dr 000 0 spa d aDO-SdBNPbspacBNPHU1 aPérez Mateo, Ramón Mercedes96523510aHipótesis sociales siglo XXI :bconcepción viva y elocuente de un objeto o persona /cRamón Mercedes Pérez Mateo. a2a ed. a[Santo Domingo] :b[s.n.],c[20-?]. a218 p. ;c22 cm. aBibliografía : p. 216-218 0010718PDaPDbPDcHDd2013-05-10iLF1l0o p38986-10r2020-06-25w2020-06-25yLFPDZNo se presta c38476d38476